LEADER 00433oas 2200181z- 450 001 9910729768503321 005 20241223110546.0 035 $a(CKB)4920000002943105 035 $a(MiFhGG)0KAP 035 $a(EXLCZ)994920000002943105 100 $a20230920cuuuuuuuu -u- - 101 0 $aeng 200 00$aCardline 210 $cSourceMedia, Inc 906 $aJOURNAL 912 $a9910729768503321 996 $aCardline$92183914 997 $aUNINA